El tema de nuestro tiempo /
Guardado en:
| Hovedforfatter: | |
|---|---|
| Andre forfattere: | |
| Format: | Bog |
| Sprog: | spansk |
| Udgivet: |
México :
Porrúa,
1985
|
| Serier: | (Sepan Cuántos ;
488) |
| Fag: | |
| Tags: |
Ingen Tags, Vær først til at tagge denne postø!
|
MARC
| LEADER | 00000nam^a2200000^a^4500 | ||
|---|---|---|---|
| 001 | 000023424 | ||
| 005 | 20250521000000.0 | ||
| 005 | 20250521000000.0 | ||
| 009 | 20260310084532.831 | ||
| 020 | |a 968-452-097-2 | ||
| 037 | |a Acervo ITESO - Biblioteca | ||
| 041 | |a ESP | ||
| 082 | |a 082. |b POR V. 488 | ||
| 100 | |a Ortega y Gasset, José |e (autor) | ||
| 240 | 1 | 4 | |a [El tema de nuestro tiempo] |
| 240 | 1 | 4 | |a [La rebelión de las masas] |
| 245 | 1 | 3 | |a El tema de nuestro tiempo / |c J. Ortega y Gasset ; pról. de F. Salmerón Roiz. |
| 264 | 1 | |a México : |b Porrúa, |c 1985 | |
| 300 | |a 214 p. | ||
| 336 | |a texto |b txt |2 rdacontenido | ||
| 337 | |a sin mediación |b n |2 rdamedio | ||
| 338 | |a volumen |b nc |2 rdasoporte | ||
| 440 | 1 | |a (Sepan Cuántos ; |v 488) | |
| 649 | |a XX | ||
| 650 | |a Relativismo | ||
| 650 | |a Relatividad (Física) | ||
| 650 | |a Revolución - |x Aspectos Sociales y Culturales | ||
| 650 | |a Masas - |x Filosofía - |x Tema Principal | ||
| 650 | |a Cultura de Masas - |x Filosofía | ||
| 650 | |a Cultura - |x Filosofía | ||
| 650 | |a Valores | ||
| 650 | |a Etica | ||
| 650 | |a Vitalismo - |x Tema Principal | ||
| 650 | |a Racionalismo | ||
| 650 | |a Modernidad y Posmodernidad - |x Tema Principal | ||
| 650 | |a Filosofía del Siglo XX | ||
| 650 | |a Filosofía Española | ||
| 740 | 3 | |a La rebelión de las masas / |c J. Ortega y Gasset. | |
| 700 | |a Salmerón Roiz, Fernando |e (prólogo) | ||
| 910 | |a Fondo General | ||
| 920 | |a Impresos - Libros | ||
| 930 | |a Colección General | ||
| 940 | |a Literatura | ||
| 905 | |a 101 | ||
| 901 | |a 0234240100 |b IT1 |c LIT |i 023424 |u 20250521 | ||
| 901 | |a 0234250100 |b IT1 |c LIT |u 20250521 | ||
| 902 | |a https://opac.biblio.iteso.mx/vufind/Record/000023424 | ||